000 00835nam a2200229 i 4500
001 98339
003 ES-MaACL
005 20251207124546.0
007 t|
008 050728s1956 sp f |||| | spa d
100 1 _aMartín, Charles-Noël.
_977276
245 1 1 _a¿Ha sonado para el mundo la Hora H?
_b: efectos acumulativos de las explosiones nucleares /
_cCharles-Noël Martín ; precedido de un mensaje de Albert Einstein ; [traducción del francés por Miguel Masriera].
250 _a1ª ed.
260 _aBarcelona :
_bDestino,
_c1956.
300 _a190 p., 10 lám. ;
_c19 cm.
650 4 _aExplosiones.
_9170948
650 0 4 _aFísica nuclear.
_912888
700 1 _aEinstein, Albert,
_d1879-1955
_946838
700 1 _aMasriera y Rubio, Miguel.
_978778
852 _aES-MaACL
_jC-11585
999 _c98339
_d98339